| 000 | 00705nam a22002292a 4500 | ||
|---|---|---|---|
| 001 | 16583 | ||
| 003 | BD-RjUL | ||
| 005 | 20211209000028.0 | ||
| 008 | 140215s1962 enkao 000 0 eng d | ||
| 035 |
_a(BD-RjUL)16638 _aOCLC ocm15636897 from D950405M |
||
| 040 |
_aAAM _cAAM _dUKM _dEQO _dBD-RjUL _beng |
||
| 041 | _aeng | ||
| 082 | 0 | 0 |
_a796.32 _218 |
| 100 | 1 |
_aButcher, D. W. _q(Dorothy Winifred), _d1920- _951238 |
|
| 245 | 1 | 0 |
_aNetball : _bDo it this way / _cDorothy W. Butcher ; photographs by John Barlee. |
| 260 |
_aLondon : _bJ. Murray, _c1962 |
||
| 300 |
_a80 p. : _bill., photos. ; _c22 cm |
||
| 650 | 0 |
_aNetball. _951239 |
|
| 700 | 1 |
_aBarlee, John. _951240 |
|
| 942 |
_2ddc _cBK |
||
| 999 |
_c16583 _d16583 |
||